1864 1695 1605 1679 1681 1786 1910 1896 1237 1855 1416 1219 1990 1438 1252 1470 1101 1316 1975 1329 1801 1216 1997 1255 1456 1812 1174 1144 1792 1850 1577 1160 1484 1385 1471 1114 1828 1983 1441 1057 1348 1771 1901 1687 1498 1737 1855 1753 1373 1798 1851 1115 1241 1502 1336 1581 1429 1206 1267 1022 1428 1840 1656 1622 1730 1873 1331 1259 1087 1255 1321 1106 1188 1080 1205 1220 1862 1917 1652 1546 1959 1963 1408 1863 1984 1918 1955 1055 1337 1598 1237 1175 1877 1616 1631 1911 1582 1880 1095 BCNSPRNW ULIB Ver.6.0+V

เปลี่ยนเป็นภาษาไทย

Change to English
 แสดงรายละเอียดบรรณานุกรม
  กลับหน้าหลัก

Brief Record : Get Marc (ISO 2709) : E-mail record : QR code < ปิดหน้าต่าง
LEADER : 00000nam 2200000uu 4500
001    13399125187
003     ULIB
008    161104s2558||||th 000 0 tha d
020    ^a9786165433303
050  4 ^aDS578.32^bก443บ
245 00 ^aบันทึกประวัติศาสตร์ ปั่นเพื่อพ่อเฉลิมพระเกียรติ 88 พรรษา ทวยราษฎร์จงรักล้ำปิตุรงค์ /^cกระทรวงวัฒนธรรม
250    ^aพิมพ์ครั้งที่ 1
260    ^aกรุงเทพฯ :^bบริษัทอมรินทร์พริ้นติ้งแอนด์พับลิชชิ่ง จำกัด (มหาชน),^c2558
300    ^a308หน้า :^bภาพประกอบสี ;^c30 ซม.
945    ^p0^l0^i001465
999    ^aณรีรัตน์
รายการนี้ยังไม่มีแท็ก
คุณยังไม่ได้ล็อกอิน คุณสามารถมีกิจกรรมร่วมกับเว็บไซต์ได้ แต่ต้องล็อกอินก่อน ::
  ล็อกอิน

รายการสื่อสารสนเทศ

ลำดับที่ ประเภท เลขเรียก/บาร์โค้ด สถานที่ สถานะ
1. การศึกษาทั่วไป
การศึกษาทั่วไป
DS578.32 ก443บ ฉ.1 
  Barcode: 001465
ห้องสมุดวิทยาเขตสวรรค์ประชารักษ์
►หนังสือทั่วไป
บนชั้น

BibComment


ยังไม่เคยถูกคอมเมนท์

คอมเมนท์ทรัพยากรรายการนี้
  คอมเมนท์: บันทึกประวัติศาส..


 Copyright 2026. Bcnsprnw @Library